000 00286nam a22001097a 4500
082 _a300
100 _aSingh, Sudeep
_980831
245 _aConceptual Understanding of Persons With Disabilities
260 _aDelhi
_bAradhana Pub
_c2018
650 _aSocial Science
_980832
942 _cBK
999 _c64071
_d64071